000 00306nam a22001337a 4500
008 171027b xxu||||| |||| 00| 0 eng d
020 _a9780763724955
041 _aeng
080 _a336
100 _a56
101 _aFIN
245 _aESSENTIALS OF HEALTH CARE FINANCE
_cCLEVERLY, W.O
942 _2udc
_cBK
999 _c36243
_d36243